Trouvez les pays contenus dans ces messages secrets ! #2 - Statistiques

Statistiques générales
  • Ce quiz a été pris 97 fois
  • Le résultat moyen est 19 sur 28
Statistiques - réponses
Hint Réponse % Correct
marche Maroc
82%
Fais France
76%
même Mauritanie
76%
Quelle Qatar
75%
reste Russie
72%
Le Lettonie
71%
lapin Lituanie
71%
artiste Arabie Saoudite
69%
Elle Espagne
68%
Gesticulez Guatemala
68%
joue Jordanie
68%
crétins ! Canada
67%
moins Mexique
67%
Bernard. Brésil
66%
croque Chine
66%
affaiblie. Algérie
64%
énergiquement, Etats-Unis
64%
tante Tanzanie
64%
ici ? Israël
63%
Il Inde
62%
gaffe, Guyana
61%
rarement. Rwanda / République Démocratique du Congo
61%
ces Corée du Nord
60%
carottes. Corée du Sud
60%
patient. Pologne
60%
sérieusement Suriname
60%
Ma Mozambique
56%
boit Burundi
55%
Aucun quiz correspondant
Distribution des résultats
% des personnes avec chaque résultat
Percentile par nombre de réponses
Votre historique - résultats
Vous n’avez pas pris ce quiz